000
00280nam a2200121Ia 4500
008
221030s9999 xx 000 0 und d
041
_a
English
100
_a
R. K. Bansal
245
2
_a
A Text Book of Organic Chemistry
_c
by R. K. Bansal
260
_c
0
650
_a
B
942
_c
BK
999
_c
9469
_d
9469